00354nam a2200109Ia 4500008004100000082001500041100002000056245003400076260003000110630001800140650008600158211109s9999||||xx |||||||||||||| ||und|| a823bFIE-H aFielding, Henry 0aHenry Fielding:Joseph Andrews bD c BooksaKottayamc1983 xGENERAL STACK aLITERATURE & RHETORICvEnglish NovelsxENGLISH FICTIONEnglish LiteratureGeneralia